000 00733nam a2200241 a 4500
001 3982688
005 20180313080915.0
008 960422s1996 onca b 001 0 eng
010 _a 95082010
020 _a0256170487
040 _aDLC
_cDLC
041 _aeng
043 _an-us---
080 _a658.8342 pau
082 0 0 _a658.8342 pau
_220
100 1 _a54
101 _aman
245 1 0 _aUnderstanding consumer behaviour /
_cJ. Paul Peter, Jerry C. Olson, Jerry A. Rosenblatt.
504 _aIncludes bibliographical references (p. 437-459) and indexes.
906 _a7
_bcbc
_corignew
_d2
_eopcn
_f19
_gy-gencatlg
942 _2ddc
_cBK
999 _c44887
_d44887